Vybrané aspekty migračnej situácie v krajinách Vyšehradskej štvorky bakalárska práca

Gespeichert in:
Bibliographische Detailangaben
1. Verfasser: Smatanová, Mária
Körperschaft: Obchodná fakulta EU. Katedra medzinárodného obchodu
Weitere Verfasser: Schweighofer, Lenka
Format: Buch
Sprache:Slowakisch
Veröffentlicht: Bratislava 2018
Tags: Tag hinzufügen
Keine Tags, Fügen Sie das erste Tag hinzu!

MARC

LEADER 00000nbm a2200000 4500
001 0245131
005 20180926144123.7
041 0 |a slo 
044 |a SK 
245 1 0 |a Vybrané aspekty migračnej situácie v krajinách Vyšehradskej štvorky  |b bakalárska práca  |c Mária Smatanová ; školiteľ: Lenka Schweighofer 
264 1 |a Bratislava  |c 2018 
300 |a 56 s. 
100 1 |a Smatanová, Mária 
700 1 |a Schweighofer, Lenka 
710 2 |a Obchodná fakulta EU. Katedra medzinárodného obchodu